000 00657nam a2200193Ia 4500
005 20250423101044.0
008 250422s9999 xx 000 0 und d
020 _a9781292093567
050 _aHF 5415.13 .C46/
100 _aChopra, Sunil
245 0 _aSupply chain management: strategy, planning, and operation
250 _a6th ed.
260 _aHarlow
260 _bPearson Education Limited
260 _c2016
300 _a528 p
650 _a Marketing channels--Management. Delivery of goods--Management. Physical distribution of goods--Management. Customer services--Management. Industrial procurement. Materials management.
942 _cBK
999 _c35148
_d35148